000 00760nam a2200217Ia 4500
005 20241129111008.0
008 241129s9999||||xx |||||||||||||| ||und||
020 _a978-93-91530-19-8
037 _aTB
040 _aCRL
_bpun
_cCRL
041 _apun
_2pun
084 _aO153,3N65,KR R1
_qCRL
100 _aਸਿੰਘ, ਪਾਲੀ ਭੁਪਿੰਦਰ, ਚ।
245 0 _aਕਿੱਸਾ ਰੌਕੀ ਰੇਸ਼ਮਾ
_cਸਿੰਘ, ਪਾਲੀ ਭੁਪਿੰਦਰ, ਚ।
260 _aਲੁਧਿਆਨਾ, ਭਾਰਤ
_bਚੇਤਨਾ ਪ੍ਰਕਾਸ਼ਨ
_c2021
300 _a428ਪ੍ਰ0
365 _aINR
_b425
650 _aPunjabi LiteratureFiction
942 _cTB
_hO153,3N65,KR R1
999 _c1228453
_d1228453